Devinez les Pays et leurs Capitales - Statistiques

Statistiques générales
  • Ce quiz a été pris 110 fois
  • Le résultat moyen est 13 sur 40
Statistiques - réponses
Mots Pays/Capitale % Correct
Farcis + Paner France
99%
Farcis + Paner Paris
99%
Loi + Matière Italie
63%
Loi + Matière Rome
63%
Serein + Buses Suisse
63%
Serein + Buses Berne
62%
Course + Soumis Russie
60%
Course + Soumis Moscou
58%
Plausible + Trognon Portugal
40%
Plausible + Trognon Lisbonne
39%
Échange + Reste Athènes
35%
Échange + Reste Grèce
35%
Artisanale + Carbure Australie
34%
Artisanale + Carbure Canberra
34%
Habitudes + Pogner Hongrie
33%
Habitudes + Pogner Budapest
32%
Maire + Loup Lima
30%
Maire + Loup Pérou
30%
Trahir + Année Iran
29%
Trahir + Année Téhéran
29%
Visée + National Laos
22%
Toile + Granite Lettonie
22%
Toile + Granite Riga
22%
Décousue + Lourdes Corée du Sud
21%
Visée + National Vientiane
21%
Décousue + Lourdes Séoul
20%
Anéantir + Balai Albanie
18%
Huer + Participation Haïti
18%
Anéantir + Balai Tirana
18%
Psyché + Noircie Chypre
17%
Huer + Participation Port-au-Prince
17%
Psyché + Noircie Nicosie
16%
Madame + Villes Maldives
13%
Madame + Villes Malé
13%
Corrosion + Môme Comores
12%
Vignoble + Braille Gabon
9%
Corrosion + Môme Moroni
9%
Vignoble + Braille Libreville
8%
Séances + Utilisatrice Castries
4%
Séances + Utilisatrice Sainte-Lucie
4%
Aucun quiz correspondant
Distribution des résultats
% des personnes avec chaque résultat
Percentile par nombre de réponses
Votre historique - résultats
Vous n’avez pas pris ce quiz